[Event "Arizona Senior op"]
[Site "Tucson"]
[Date "2010.11.13"]
[Round "2"]
[White "Knight, Scott"]
[Black "Wharton, William"]
[Result "0-1"]
[WhiteElo "1806"]
[BlackElo "2369"]
[PlyCount "124"]
[EventDate "2010.11.13"]
[EventType "swiss"]
[EventRounds "5"]
[EventCountry "USA"]
[SourceTitle "EXT 2014"]
[Source "ChessBase"]
[SourceDate "2013.11.20"]
[SourceVersion "1"]
[SourceVersionDate "2013.11.20"]
[SourceQuality "1"]

1. Nf3 Nf6 2. d4 g6 3. c3 Bg7 4. Bg5 Ne4 5. Bf4 c5 6. Qc2 d5 7. Nbd2 Nc6 8. e3 Bf5 9. Bd3 cxd4 10. exd4 Nxd2 11. Qxd2 Bxd3 12. Qxd3 0-0 13. 0-0 a6 14. a4 Na5 15. Nd2 Rc8 16. Rfe1 Qd7 17. Qe3 Rfe8 18. h3 Rc6 19. Qd3 Rec8 20. Be5 Bf8 21. Bf4 Nc4 22. Nxc4 Rxc4 23. a5 Qb5 24. Ra2 Qb3 25. Rea1 Bg7 26. Be3 R4c6 27. Qd1 Qxd1+ 28. Rxd1 e6 29. Kf1 Kf8 30. Ke2 Ke8 31. Bf4 Bf8 32. Rd3 Kd7 33. Kd2 Be7 34. Rf3 f6 35. g4 h5 36. gxh5 g5 37. Bg3 Rh8 38. h4 g4 39. Rd3 Rxh5 40. Ra1 f5 41. Rh1 Rc8 42. f3 gxf3 43. Rxf3 Rch8 44. Ke2 Bxh4 45. Be5 Bd8 46. Rxh5 Rxh5 47. b4 Bg5 48. Bf4 Bxf4 49. Rxf4 Rh3 50. Kd2 Ke7 51. Rf2 Kf6 52. Rg2 f4 53. Rg8 Rh7 54. Rf8+ Rf7 55. Rh8 Kg5 56. Rg8+ Kf5 57. Rg2 f3 58. Rf2 Ke4 59. Rf1 f2 60. Ke2 Rf6 61. Kd2 Kf3 62. Kd3 Rg6 0-1